000 00517nam a22001817a 4500
003 CEME
005 20210628203537.0
008 210119b xxu||||| |||| 00| 0 eng d
020 _a9788131716830
040 _c.
082 _a658.8 KOT
100 _aKotler, Philip, Keller, Kevin Lane, Koshy, Abraham
_966156
245 _aMarketing management, a south asian perspective
260 _aINDIA
_bPEARSON EDUCATION ASIA
_c2009
300 _aXXVII,1500P
650 _aMARKETING MANAGEMENT
_913752
942 _cBK
_2ddc
999 _c574168
_d574168